000 01109naa a22003137a 4500
001 BR6009482
003 BR-BrBNA
005 20240918173028.0
007 ta
008 230509b bl.||||| |||| 00| 0 por d
040 _aBR-BrBNA
_bpor
_cBiblioteca Nacional de Agricultura
041 _a(Pt)
072 _aP10
_b/G514
_bGZ63
090 _aP10 BR6009482
100 1 _aLisboa, M. do A.
111 1 _a2. Congresso Rio Grandense de Agronomia
_cPorto Alegre, RS (Brazil)
_d15 May 1940
245 1 _aAguas subterraneas no Rio Grande do Sul [Brasil]
260 3 _aPorto Alegre, RS (Brasil):
_c1940.
500 _aAnais do 2. Congresso Rio Grandense de Agronomia Porto Alegre, RS (Brasil): 1940. v. 2 p. 725-737 (BR6009482-AM)P10
650 _aRecurso hidrico
650 _aAgua
650 _aAguas subterraneas
650 _aQuimica da agua
650 _aRecurso natural
650 _aRio Grande do Sul
773 0 _tAnais do 2. Congresso Rio Grandense de Agronomia
_wP10 BR6009482
_gPorto Alegre, RS (Brasil), 1940. v. 2 p. 725-737
909 _a202404
_bLucia
_c55
_dLucia Elande
942 _cAM
_2AGRIS
999 _c302565
_d302565